000 00822nam2a2200229 4500
001 rc\2904942
005 20110731162500.3
035 _a(NLR Aleph) 007056093
090 _a13592000
_c13592000
100 _a20110731d1956 |||y0rusy50 ca
101 0 _arus
102 _aRU
105 _ay z |||||
200 1 _aКраткий определитель блох, имеющих эпидемиологическое значение
210 _d1956
461 0 _1001rc\2904879
_12001#$aОпределители по фауне СССР, издаваемые Зоологическим музеем Академии наук$fАкад. наук СССР$v63
700 1 _aВысоцкая
_bС. О.
801 0 _aRU
_bNLR
_gpsbo
801 1 _aRU
_bELAR
_2rusmarc
852 _aNLR
_jЗ02 Г-7/138
942 _cBOOK
980 _aNB